Úvahy o konštrukcii a použití indexov spotrebiteľských cien.

Tvorba spotrebného koša pre výpočet indexu spotrebiteľských cien. Zdroje určovania váh základných agregátov pre výpočet cenových indexov. Výpočet indexu spotrebiteľských cien a indexu životných nákladov podľa Laspeyresovho cenového indexu.

Salvato in:
Dettagli Bibliografici
Autore principale: Hrnčiarová, Ľubica
Altri autori: Škultéty, Ivan
Natura: Capitolo di libro
Lingua:slovacco
Soggetti:
Tags: Aggiungi Tag
Nessun Tag, puoi essere il primo ad aggiungerne!!

MARC

LEADER 00000naa a2200000 4500
001 r011620
005 20220831080336.7
041 0 |a slo 
044 |a [CS] 
245 1 0 |a Úvahy o konštrukcii a použití indexov spotrebiteľských cien.  |c Ľubica Hrnčiarová, I. Škultéty 
520 |a Tvorba spotrebného koša pre výpočet indexu spotrebiteľských cien. Zdroje určovania váh základných agregátov pre výpočet cenových indexov. Výpočet indexu spotrebiteľských cien a indexu životných nákladov podľa Laspeyresovho cenového indexu. 
610 2 0 |a indexy cenové 
610 2 0 |a kôš spotrebný 
610 2 0 |a ceny 
610 2 0 |a náklady životné 
610 2 0 |a ČSFR 
610 2 0 |a ceny maloobchodné 
100 1 |a Hrnčiarová, Ľubica 
700 1 |a Škultéty, Ivan